Proyecctiones políticas del movimiento social por la educación en Chile /
En este artículo se enumera y analiza los impactos más profundos y duraderos del movimiento estudiantil por la educación desplegado en Chile a los largo del 2011, realizando un balance de las transformaciones políticas desatadas por este ciclo de luchas.
Պահպանված է:
| Հիմնական հեղինակ: | |
|---|---|
| Ձևաչափ: | Տեքստ |
| Խորագրեր: | |
| Ցուցիչներ: |
Ավելացրեք ցուցիչ
Չկան պիտակներ, Եղեք առաջինը, ով նշում է այս գրառումը!
|
MARC
| LEADER | 00000 a a2200000 04500 | ||
|---|---|---|---|
| 001 | 44396 | ||
| 003 | |||
| 040 | |||
| 100 | |a Núñez, Daniel | ||
| 245 | |a Proyecctiones políticas del movimiento social por la educación en Chile / |c Daniel Núñez | ||
| 520 | |a En este artículo se enumera y analiza los impactos más profundos y duraderos del movimiento estudiantil por la educación desplegado en Chile a los largo del 2011, realizando un balance de las transformaciones políticas desatadas por este ciclo de luchas. | ||
| 590 | |a RRH/AGOSTO2013 | ||
| 650 | |a MOVIMIENTOS SOCIALES | ||
| 650 | |a EDUCACION | ||
| 650 | |a CONFLICTOS SOCIALES | ||
| 650 | |2 Macrothesaurus de la OCDE | ||
| 650 | |a CHILE | ||
| 773 | |g volumen13, número31 (mayo, 2012), páginas 61-70 | ||
| 999 | |c 23339 |d 23339 | ||
